[Event "World University Women"]
[Site "Katowice POL"]
[Date "2014.08.18"]
[Round "1.1"]
[White "Lach, Aleksandra"]
[Black "Ding, Yixin"]
[Result "0-1"]
[WhiteTitle "WFM"]
[BlackTitle "WGM"]
[WhiteElo "2190"]
[BlackElo "2449"]
[WhiteFideId "1134299"]
[BlackFideId "8602972"]
[EventDate "2014.08.18"]

1. e4 c5 2. Nf3 e6 3. d4 cxd4 4. Nxd4 a6 5. Bd3 Nf6 6. O-O Qc7 7. f4 Bc5 8. c3
d6 9. Kh1 e5 10. fxe5 dxe5 11. Nf5 Bxf5 12. exf5 O-O 13. Nd2 Nbd7 14. Qf3 Rfe8
15. Be4 Rab8 16. g4 Ba7 17. b4 Nb6 18. g5 Nxe4 19. Nxe4 Nc4 20. Qg2 Qc6 21. a4
Rbd8 22. b5 Qd5 23. g6 hxg6 24. fxg6 fxg6 25. Bg5 Rd7 26. bxa6 bxa6 27. Rae1 Rc8
28. Rf6 Nd6 29. Nxd6 Rxd6 30. Qxd5+ Rxd5 31. Rxa6 Bf2 32. Re2 Bc5 33. h4 Rf8 34.
Kg2 Rd3 35. Rc6 Ba7 36. Rxg6 Rxc3 37. h5 Kh7 38. Ra6 Bd4 39. h6 Rff3 40. Bh4 Rf4
41. hxg7 Rg4+ 0-1

[Event "World University Women"]
[Site "Katowice POL"]
[Date "2014.08.18"]
[Round "1.2"]
[White "Munguntuul, Batkhuyag"]
[Black "Gevorgyan, Maria"]
[Result "1-0"]
[WhiteTitle "IM"]
[BlackTitle "WFM"]
[WhiteElo "2410"]
[BlackElo "2130"]
[WhiteFideId "4900758"]
[BlackFideId "13300270"]
[EventDate "2014.08.18"]

1. e4 e5 2. Nf3 Nf6 3. Nxe5 d6 4. Nf3 Nxe4 5. Nc3 Nxc3 6. dxc3 Be7 7. Be3 Nd7 8.
Qd2 O-O 9. O-O-O Ne5 10. h4 Be6 11. Ng5 Qd7 12. f4 Ng4 13. Bd3 Bf5 14. Rde1 d5
15. h5 h6 16. Nf3 Bd6 17. Ne5 Bxe5 18. fxe5 Nxe5 19. Bxf5 Qxf5 20. Qxd5 c6 21.
Qd4 Rfe8 22. b3 Rad8 23. Qh4 b6 24. Kb2 c5 25. Bf4 Nc6 26. Bc1 Ne5 27. g4 Qc8
28. g5 Nf3 29. Qg3 Nxg5 30. Bxg5 hxg5 31. Qxg5 Rd6 32. Reg1 g6 33. hxg6 Rxg6 34.
Qh6 1-0

[Event "World University Women"]
[Site "Katowice POL"]
[Date "2014.08.18"]
[Round "1.3"]
[White "Garcia Morales, Ivette Ale"]
[Black "Zhang, Xiaowen"]
[Result "1-0"]
[WhiteTitle "WIM"]
[BlackTitle "WGM"]
[WhiteElo "2113"]
[BlackElo "2375"]
[WhiteFideId "5105994"]
[BlackFideId "8603219"]
[EventDate "2014.08.18"]

1. d4 g6 2. g3 Bg7 3. Bg2 Nf6 4. c4 O-O 5. Nf3 d6 6. O-O Nc6 7. Nc3 Bf5 8. Nh4
Bd7 9. h3 a6 10. Rb1 Qc8 11. g4 h5 12. Bxc6 Bxc6 13. d5 Bd7 14. f3 c5 15. Ng2
hxg4 16. hxg4 b5 17. e4 bxc4 18. Bg5 Re8 19. Qd2 Nh7 20. Bh6 Bf6 21. Be3 Rb8 22.
Kf2 Qc7 23. Nf4 Bh4+ 24. Kg2 Qc8 25. Rh1 Bf6 26. Nfe2 Rb6 27. Rxh7 Kxh7 28. Rh1+
Kg8 29. Bg5 Rxb2 30. Bxf6 exf6 31. Qh6 1-0

[Event "World University Women"]
[Site "Katowice POL"]
[Date "2014.08.18"]
[Round "1.4"]
[White "Bartel, Marta"]
[Black "Mareckova, Martina"]
[Result "1-0"]
[WhiteTitle "WGM"]
[BlackTitle "WFM"]
[WhiteElo "2359"]
[BlackElo "2107"]
[WhiteFideId "1123009"]
[BlackFideId "327930"]
[EventDate "2014.08.18"]

1. d4 Nf6 2. Nf3 g6 3. g3 Bg7 4. Bg2 O-O 5. c4 d6 6. Nc3 c6 7. O-O Bg4 8. h3
Bxf3 9. Bxf3 e5 10. Rb1 exd4 11. Qxd4 Nd5 12. Qd2 Nxc3 13. bxc3 Qc7 14. Ba3 Rd8
15. Rfd1 Bf8 16. c5 d5 17. c4 Nd7 18. cxd5 Nxc5 19. Bb2 Ne6 20. e4 Qe7 21. Bg2
Rac8 22. Qe3 cxd5 23. exd5 Ng7 24. Qxa7 Ra8 25. Qb6 Qc5 26. Qb3 Rd7 27. Rbc1 Qa5
28. Qc2 Nf5 29. g4 Nd6 30. Bc3 Qxa2 31. Qd3 Qc4 32. Qg3 Ne4 33. Qf4 Re8 34. Bxe4
f5 35. Rd4 Bd6 36. Qxd6 1-0

[Event "World University Women"]
[Site "Katowice POL"]
[Date "2014.08.18"]
[Round "1.5"]
[White "Rothebarth, Ana Vitoria de Paula"]
[Black "Kulon, Klaudia"]
[Result "0-1"]
[BlackTitle "WIM"]
[WhiteElo "2042"]
[BlackElo "2301"]
[WhiteFideId "2113961"]
[BlackFideId "1131044"]
[EventDate "2014.08.18"]

1. e4 e5 2. Nf3 Nc6 3. Bb5 a6 4. Ba4 Nf6 5. O-O Be7 6. Re1 b5 7. Bb3 d6 8. c3
O-O 9. d3 Na5 10. Bc2 c5 11. Nbd2 Re8 12. Nf1 Bf8 13. Bg5 h6 14. Bh4 g5 15. Bg3
Bg7 16. h4 Nh5 17. hxg5 hxg5 18. Qd2 Nf4 19. Ne3 Be6 20. b3 Nc6 21. Bd1 d5 22.
Bxf4 exf4 23. Nf5 Bxf5 24. exf5 Rxe1+ 25. Nxe1 b4 26. Qe2 Bxc3 27. Rc1 Nd4 28.
Qf1 Qf6 29. Bg4 Nxf5 30. Bf3 Ng3 0-1

[Event "World University Women"]
[Site "Katowice POL"]
[Date "2014.08.18"]
[Round "1.6"]
[White "Enkhtuul, Altan-Ulzii"]
[Black "Sun, Xinyue"]
[Result "1/2-1/2"]
[WhiteTitle "WIM"]
[WhiteElo "2300"]
[BlackElo "2042"]
[WhiteFideId "4901444"]
[BlackFideId "8600813"]
[EventDate "2014.08.18"]

1. Nf3 Nf6 2. d4 c5 3. d5 e6 4. dxe6 fxe6 5. g3 d5 6. Bg2 Bd6 7. O-O O-O 8. Nc3
Nc6 9. Re1 d4 10. Nb5 Bb8 11. c3 a6 12. Na3 e5 13. cxd4 exd4 14. Qb3+ Kh8 15. e3
Ng4 16. exd4 Nxd4 17. Nxd4 Qxd4 18. Be3 Nxe3 19. Rxe3 Ba7 20. Rd1 Qb4 21. Qd5 c4
22. Re4 Qxb2 23. Nxc4 Qxf2+ 24. Kh1 Qc5 25. Qxc5 Bxc5 26. Re5 Bb4 27. Rc1 Rd8
28. Nb6 Rb8 29. Nxc8 Rdxc8 30. Rxc8+ Rxc8 31. Bxb7 Rc1+ 32. Kg2 Rc2+ 33. Kf3 g6
34. Re2 Rxe2 35. Kxe2 a5 36. a4 1/2-1/2

[Event "World University Women"]
[Site "Katowice POL"]
[Date "2014.08.18"]
[Round "1.7"]
[White "Orehek, Spela"]
[Black "Fominykh, Maria"]
[Result "0-1"]
[BlackTitle "WIM"]
[WhiteElo "2035"]
[BlackElo "2296"]
[WhiteFideId "14605872"]
[BlackFideId "4142411"]
[EventDate "2014.08.18"]

1. e4 d6 2. d4 g6 3. Nc3 Bg7 4. Be3 a6 5. Qd2 b5 6. f3 Nd7 7. h4 h5 8. Nh3 Bb7
9. Ng5 Ngf6 10. a4 c6 11. Rd1 Qa5 12. b3 O-O 13. Bd3 e5 14. axb5 exd4 15. Bxd4
axb5 16. O-O Ne5 17. Be2 Rfe8 18. Qe3 Qb4 19. Nb1 d5 20. Qf4 Qe7 21. b4 Rad8 22.
Rfe1 dxe4 23. Bc5 Qc7 24. fxe4 Bc8 25. Nc3 Nfg4 26. Bxg4 Bxg4 27. Rxd8 Rxd8 28.
Qe3 Nc4 29. Nxb5 cxb5 30. Qf2 Rd2 31. Qf1 Rxc2 32. e5 Bxe5 33. Qd3 Rd2 34. Qe4
Bf5 35. Qa8+ Rd8 36. Qf3 Nd2 37. Qa3 f6 38. Nf3 Nxf3+ 39. Qxf3 Qd7 40. Qb3+ Qd5
41. Qa3 Bd4+ 42. Kh1 Be5 43. Qa7 Be4 44. Rg1 Qe6 0-1

[Event "World University Women"]
[Site "Katowice POL"]
[Date "2014.08.18"]
[Round "1.8"]
[White "Khlichkova, Tatiana"]
[Black "Heinatz, Maria"]
[Result "1-0"]
[WhiteTitle "WFM"]
[WhiteElo "2232"]
[BlackElo "1889"]
[WhiteFideId "24145084"]
[BlackFideId "1312073"]
[EventDate "2014.08.18"]

1. d4 d5 2. Bg5 Nf6 3. e3 Bf5 4. Nd2 Nbd7 5. c4 c6 6. Qb3 Qb6 7. f3 e6 8. c5
Qxb3 9. axb3 Be7 10. Ne2 h6 11. Bh4 e5 12. b4 e4 13. Nc3 g5 14. Bf2 O-O 15. fxe4
Bxe4 16. Ndxe4 Nxe4 17. Nxe4 dxe4 18. b5 f5 19. Bc4+ Kg7 20. bxc6 bxc6 21. Be6
Nb8 22. g4 f4 23. Bf5 Rxf5 24. gxf5 f3 25. Kd2 Kf6 26. Ra3 Kxf5 27. Rha1 a6 28.
Rb3 h5 29. Rb7 Ke6 30. h3 a5 31. Ra4 Bd8 32. Rh7 h4 33. Rh6+ Kf5 34. b4 Ra6 35.
Rh8 Bc7 36. bxa5 Rxa5 37. Rxa5 Bxa5+ 38. Kd1 Bc7 39. Rc8 Na6 40. Ke1 Ke6 41. Kf1
Ke7 42. Rh8 Bg3 43. Rh7+ Ke6 44. Rh6+ Kd5 45. Rg6 Nb4 46. Rxg5+ Ke6 47. Bxg3
hxg3 48. Rxg3 Nd5 49. Kf2 Kf5 50. h4 Nf6 51. Rg5+ Ke6 52. h5 Kf7 53. h6 Kf8 54.
Rg7 Ne8 55. Rg6 1-0

[Event "World University Women"]
[Site "Katowice POL"]
[Date "2014.08.18"]
[Round "1.9"]
[White "Rosas Rodriguez, Carmen Melissa"]
[Black "Gasik, Anna"]
[Result "0-1"]
[WhiteTitle "WCM"]
[BlackTitle "WIM"]
[WhiteElo "1807"]
[BlackElo "2230"]
[WhiteFideId "5111005"]
[BlackFideId "1121952"]
[EventDate "2014.08.18"]

1. d4 f5 2. c4 Nf6 3. Nc3 g6 4. h4 d6 5. h5 Nxh5 6. Rxh5 gxh5 7. e4 c6 8. Qxh5+
Kd7 9. Qxf5+ Kc7 10. Qf7 Bd7 11. c5 b6 12. Bg5 Qe8 13. Qc4 Kb7 14. O-O-O dxc5
15. dxc5 e5 16. Bf6 Bh6+ 17. Kb1 Rf8 18. Bh4 Be6 19. Qa4 Nd7 20. Ba6+ Kc7 21.
Qc2 Nxc5 22. Be2 Kb7 23. b4 Nd7 24. Qa4 a6 25. Rd6 b5 26. Qc2 Nb6 27. Qd1 Rg8
28. g3 Bf8 29. Bh5 Bf7 30. Bxf7 Qxf7 31. Rf6 Qc4 32. Nge2 Bxb4 33. Qb3 Qxb3+ 34.
axb3 Rgf8 35. Rh6 Rf7 36. Nd1 Be7 37. Re6 Bxh4 38. gxh4 Rd8 39. Kc2 Rfd7 40.
Ndc3 b4 41. Rxe5 Rd2+ 42. Kc1 bxc3 43. Nxc3 Rxf2 44. Rh5 Rd7 45. e5 Rg7 46. e6
Nd5 47. Nd1 Re2 48. Rh6 Kb6 0-1

[Event "World University Women"]
[Site "Katowice POL"]
[Date "2014.08.18"]
[Round "1.10"]
[White "Terao, Juliana Sayumi"]
[Black "Shibata, Misaki"]
[Result "1-0"]
[WhiteTitle "WIM"]
[WhiteElo "2222"]
[BlackElo "1592"]
[WhiteFideId "2109220"]
[BlackFideId "7001134"]
[EventDate "2014.08.18"]

1. e4 e6 2. d4 d5 3. Nd2 Nf6 4. e5 Nfd7 5. f4 c5 6. Ngf3 Nc6 7. Nb3 Be7 8. c3
O-O 9. Be2 Qc7 10. O-O a6 11. Qe1 cxd4 12. Nbxd4 Re8 13. Bd3 Nf8 14. Qg3 Ng6 15.
h4 f5 16. exf6 Bxf6 17. Bxg6 hxg6 18. Qxg6 Qe7 19. Ng5 Bxg5 20. Nxc6 bxc6 21.
fxg5 Bd7 22. Qh5 Rf8 23. Be3 Rxf1+ 24. Rxf1 Rf8 25. Rxf8+ Qxf8 26. g6 Qd6 27.
Qh7+ Kf8 28. Qh8+ 1-0

[Event "World University Women"]
[Site "Katowice POL"]
[Date "2014.08.19"]
[Round "2.1"]
[White "Ding, Yixin"]
[Black "Terao, Juliana Sayumi"]
[Result "1/2-1/2"]
[WhiteTitle "WGM"]
[BlackTitle "WIM"]
[WhiteElo "2449"]
[BlackElo "2222"]
[WhiteFideId "8602972"]
[BlackFideId "2109220"]
[EventDate "2014.08.18"]

1. e4 c5 2. Nf3 e6 3. d4 cxd4 4. Nxd4 a6 5. Be2 b5 6. a4 b4 7. O-O Bb7 8. Bf3
Qc7 9. Be3 Ne7 10. c3 Nbc6 11. cxb4 Nxb4 12. Nc3 Nec6 13. Rc1 Qb8 14. Nb3 Ne5
15. Be2 Be7 16. f4 Nec6 17. Nc5 Bc8 18. e5 d6 19. exd6 Bxd6 20. Qe1 O-O 21. Qf2
Ne7 22. N5e4 Nf5 23. Nxd6 Nxe3 24. Qxe3 Qxd6 25. Ne4 Qe7 26. Qc5 Qa7 27. Kh1
Qxc5 28. Nxc5 a5 29. Bf3 Ra7 30. Rfd1 h6 31. g3 Ba6 32. Kg1 g6 33. Nd7 Rc8 34.
Rxc8+ Bxc8 35. Nf6+ Kf8 36. Rd8+ Ke7 37. Rxc8 Kxf6 38. Kf1 g5 39. fxg5+ hxg5 40.
Ke2 Kg7 41. Ke3 f5 42. Be2 Rd7 43. Rc5 Ra7 44. Bb5 Kf6 45. Kd4 Rh7 46. Be8 Rxh2
47. Rxa5 Rxb2 48. Rb5 Rd2+ 49. Kc5 Nd3+ 50. Kb6 f4 51. gxf4 gxf4 52. Bh5 Ne5 53.
a5 f3 54. Bxf3 Nxf3 55. a6 Rd6+ 56. Kb7 Rxa6 57. Kxa6 e5 58. Rxe5 Kxe5 1/2-1/2

[Event "World University Women"]
[Site "Katowice POL"]
[Date "2014.08.19"]
[Round "2.2"]
[White "Gasik, Anna"]
[Black "Munguntuul, Batkhuyag"]
[Result "0-1"]
[WhiteTitle "WIM"]
[BlackTitle "IM"]
[WhiteElo "2230"]
[BlackElo "2410"]
[WhiteFideId "1121952"]
[BlackFideId "4900758"]
[EventDate "2014.08.18"]

1. e4 c5 2. Nf3 Nc6 3. d4 cxd4 4. Nxd4 g6 5. c4 Bg7 6. Be3 Nf6 7. Nc3 O-O 8. Be2
b6 9. O-O Bb7 10. Rc1 Nxd4 11. Bxd4 Bh6 12. Rc2 Nxe4 13. Bf3 Nxc3 14. Rxc3 Bxf3
15. Rxf3 f6 16. Rd3 Qc7 17. Be3 Bxe3 18. Rxe3 Qxc4 19. Qxd7 e5 20. b3 Qf7 21.
Rd1 Qxd7 22. Rxd7 Rf7 23. Red3 Rc8 24. g4 Rc7 25. R7d5 Kg7 26. a4 Rfe7 27. a5
bxa5 28. Rxa5 Rb7 29. Re3 Rb4 30. h3 Kh6 31. Kg2 Reb7 32. Ra3 R4b5 33. Ra6 Kg5
34. Kg3 R5b6 35. h4+ Kh6 36. Rxb6 Rxb6 37. g5+ Kg7 38. f4 exf4+ 39. Kxf4 Rb4+
40. Kg3 Kf7 41. gxf6 Kxf6 42. Rc3 h5 43. Rc6+ Kf5 44. Rc5+ Ke4 45. Rc3 Kd4 46.
Rf3 Rb6 47. Rf7 Rxb3+ 48. Kf4 a5 49. Rf6 a4 50. Rxg6 a3 51. Ra6 Kc3 52. Ra5 Kb2
53. Kg5 a2 54. Rxa2+ Kxa2 55. Kxh5 Rg3 56. Kh6 Kb3 57. h5 Kc4 58. Kh7 Kd5 59. h6
Ke6 60. Kh8 Kf7 0-1

[Event "World University Women"]
[Site "Katowice POL"]
[Date "2014.08.19"]
[Round "2.3"]
[White "Tomnikova, Lidia"]
[Black "Bartel, Marta"]
[Result "1-0"]
[WhiteTitle "WIM"]
[BlackTitle "WGM"]
[WhiteElo "2216"]
[BlackElo "2359"]
[WhiteFideId "4113110"]
[BlackFideId "1123009"]
[EventDate "2014.08.18"]

1. e4 c5 2. Nf3 d6 3. d4 cxd4 4. Nxd4 Nf6 5. Nc3 Nc6 6. Bg5 Qb6 7. Nb3 e6 8. Qd2
Be7 9. O-O-O O-O 10. f3 Rd8 11. Be3 Qc7 12. Qf2 Nd7 13. Nb5 Qb8 14. g4 a6 15.
N5d4 Qc7 16. h4 Nc5 17. g5 Nxd4 18. Nxd4 d5 19. exd5 Rxd5 20. f4 Ne4 21. Qf3 Nc3
22. bxc3 Qxc3 23. Rd3 Qa1+ 24. Kd2 Bb4+ 25. c3 Ba5 26. Qd1 Qxa2+ 27. Qc2 Qa3 28.
Bg2 Rd8 29. Rb1 e5 30. fxe5 Qe7 31. e6 fxe6 32. Nb3 Bc7 33. Be4 Bd7 34. Bxh7+
Kh8 35. Bg6 Bb5 36. Rxd8+ Rxd8+ 37. Ke1 Qf8 38. c4 Qb4+ 39. Nd2 Bg3+ 40. Ke2
Rxd2+ 41. Bxd2 Bxc4+ 42. Kf3 Qa3+ 43. Qc3 Bd5+ 44. Kxg3 1-0

[Event "World University Women"]
[Site "Katowice POL"]
[Date "2014.08.19"]
[Round "2.4"]
[White "Kulon, Klaudia"]
[Black "Dogodkina, Julia"]
[Result "1-0"]
[WhiteTitle "WIM"]
[BlackTitle "WFM"]
[WhiteElo "2301"]
[BlackElo "2210"]
[WhiteFideId "1131044"]
[BlackFideId "24143375"]
[EventDate "2014.08.18"]

1. c4 g6 2. g3 Bg7 3. Bg2 Nf6 4. Nc3 O-O 5. e3 c6 6. Nge2 d5 7. cxd5 cxd5 8. d4
a6 9. h3 Nc6 10. O-O Ra7 11. Nf4 e6 12. Bd2 b5 13. Nd3 Qb6 14. a4 b4 15. a5 Qb8
16. Na2 Rb7 17. Nac1 Ne4 18. Be1 Rb5 19. Nb3 Nd6 20. Ra4 Nc4 21. Qc2 h5 22. Bd2
Rd8 23. Rfa1 Bf8 24. Bf1 e5 25. dxe5 N6xe5 26. Nxe5 Qxe5 27. Nd4 b3 28. Qc1 Rc5
29. Bc3 h4 30. Nxb3 Qg5 31. e4 Qh5 32. Qd1 Qg5 33. Qd4 1-0

[Event "World University Women"]
[Site "Katowice POL"]
[Date "2014.08.19"]
[Round "2.5"]
[White "Fominykh, Maria"]
[Black "Garcia Morales, Ivette Ale"]
[Result "1-0"]
[WhiteTitle "WIM"]
[BlackTitle "WIM"]
[WhiteElo "2296"]
[BlackElo "2113"]
[WhiteFideId "4142411"]
[BlackFideId "5105994"]
[EventDate "2014.08.18"]

1. d4 e6 2. c4 Nf6 3. g3 Bb4+ 4. Bd2 Qe7 5. Bg2 Nc6 6. Nf3 Bxd2+ 7. Nbxd2 d6 8.
O-O a5 9. e4 e5 10. d5 Nb8 11. Ne1 O-O 12. Nd3 c6 13. f4 Ng4 14. Qe2 b5 15. Kh1
f6 16. h3 Nh6 17. fxe5 fxe5 18. Rxf8+ Qxf8 19. Rf1 Qe7 20. dxc6 Nxc6 21. cxb5
Nd4 22. Qe3 Be6 23. a4 Nf7 24. Kh2 Rc8 25. Rc1 Qb7 26. Nf3 Nb3 27. Rxc8+ Qxc8
28. Qa7 Bc4 29. b6 Ba6 30. Qc7 Nd8 31. Qxd6 Nf7 32. Qd5 Nd4 33. Nfxe5 Ne6 34.
Nxf7 1-0

[Event "World University Women"]
[Site "Katowice POL"]
[Date "2014.08.19"]
[Round "2.6"]
[White "Eric, Jovana"]
[Black "Khlichkova, Tatiana"]
[Result "0-1"]
[WhiteTitle "WIM"]
[BlackTitle "WFM"]
[WhiteElo "2201"]
[BlackElo "2232"]
[WhiteFideId "938238"]
[BlackFideId "24145084"]
[EventDate "2014.08.18"]

1. e4 e6 2. d4 d5 3. Nc3 Bb4 4. a3 Bxc3+ 5. bxc3 dxe4 6. Qg4 Nf6 7. Qxg7 Rg8 8.
Qh6 Nbd7 9. a4 c5 10. Ne2 b6 11. a5 Bb7 12. a6 Bc6 13. Ng3 Qe7 14. Ba3 Rg6 15.
Qd2 O-O-O 16. O-O-O h5 17. h3 Rgg8 18. c4 Nb8 19. Qf4 Nxa6 20. d5 exd5 21. cxd5
Bb7 22. Nf5 Qd7 23. Qe5 Qa4 24. Ne7+ Kd7 25. Bb2 Nb4 26. Rd2 Nfxd5 27. Nxd5 Bxd5
28. c4 Kc8 29. cxd5 Rxd5 30. Ba6+ Qxa6 31. Rxd5 Qc4+ 0-1

[Event "World University Women"]
[Site "Katowice POL"]
[Date "2014.08.19"]
[Round "2.7"]
[White "Zhang, Xiaowen"]
[Black "Enkhtuul, Altan-Ulzii"]
[Result "1-0"]
[WhiteTitle "WGM"]
[BlackTitle "WIM"]
[WhiteElo "2375"]
[BlackElo "2300"]
[WhiteFideId "8603219"]
[BlackFideId "4901444"]
[EventDate "2014.08.18"]

1. e4 d5 2. exd5 Qxd5 3. Nc3 Qd8 4. d4 Nf6 5. h3 c6 6. Nf3 Bf5 7. Bc4 e6 8. O-O
h6 9. Ne2 Bd6 10. Ng3 Bh7 11. Re1 O-O 12. c3 Nbd7 13. Ne5 c5 14. Bf4 Nb6 15. Bb3
Nbd5 16. Bd2 cxd4 17. cxd4 Rc8 18. Nh5 Nxh5 19. Qxh5 Bb4 20. Bxb4 Nxb4 21. Nxf7
Rxf7 22. Bxe6 Qf8 23. Rac1 Nc2 24. Re2 Bf5 25. Qxf5 Nxd4 26. Bxf7+ 1-0

[Event "World University Women"]
[Site "Katowice POL"]
[Date "2014.08.19"]
[Round "2.8"]
[White "Sun, Xinyue"]
[Black "Lach, Aleksandra"]
[Result "1/2-1/2"]
[BlackTitle "WFM"]
[WhiteElo "2042"]
[BlackElo "2190"]
[WhiteFideId "8600813"]
[BlackFideId "1134299"]
[EventDate "2014.08.18"]

1. e4 c5 2. Nf3 d6 3. d4 cxd4 4. Nxd4 Nf6 5. Nc3 a6 6. Be2 e5 7. Nb3 Be7 8. O-O
O-O 9. Re1 Be6 10. Bf3 Qc8 11. Bd2 Nbd7 12. Nd5 Nxd5 13. exd5 Bf5 14. Rc1 Nb6
15. Na5 Na4 16. b3 Nc3 17. Nc6 bxc6 18. Bxc3 c5 19. Be2 Bg5 20. Bd2 Qd8 21. Bc4
Bg6 22. Bxg5 Qxg5 23. Qe2 a5 24. Qe3 Qxe3 25. Rxe3 f5 26. f3 f4 27. Re2 a4 28.
Kf2 Ra7 29. Ke1 Rfa8 30. Kd2 axb3 31. axb3 Kf7 32. Kc3 Ra1 33. Ree1 Rxc1 34.
Rxc1 e4 35. fxe4 Bxe4 36. Rf1 g5 37. g3 f3 38. Bd3 Bxd5 39. Bc4 Bxc4 40. Rxf3+
Ke6 41. Kxc4 Ra1 42. Re3+ Kd7 43. Rf3 Ke6 44. Re3+ Kd7 45. Rf3 Ke6 1/2-1/2

[Event "World University Women"]
[Site "Katowice POL"]
[Date "2014.08.19"]
[Round "2.9"]
[White "Gevorgyan, Maria"]
[Black "Rosas Rodriguez, Carmen Melissa"]
[Result "1-0"]
[WhiteTitle "WFM"]
[BlackTitle "WCM"]
[WhiteElo "2130"]
[BlackElo "1807"]
[WhiteFideId "13300270"]
[BlackFideId "5111005"]
[EventDate "2014.08.18"]

1. e4 e5 2. Nf3 Nc6 3. Bc4 Bc5 4. d3 d6 5. c3 Qe7 6. Ng5 Nh6 7. b4 Bb6 8. h3 a5
9. b5 Na7 10. a4 Bd7 11. Na3 c6 12. bxc6 bxc6 13. O-O O-O 14. Kh1 Kh8 15. f4 f6
16. Nf3 Nf7 17. f5 Rab8 18. Nh4 Be8 19. Ba2 Ng5 20. Nc4 Bf7 21. Nxb6 Rxb6 22.
Kh2 Rfb8 23. Qg4 Bxa2 24. Rxa2 c5 25. Bxg5 fxg5 26. Ng6+ hxg6 27. fxg6 1-0

[Event "World University Women"]
[Site "Katowice POL"]
[Date "2014.08.19"]
[Round "2.11"]
[White "Shibata, Misaki"]
[Black "Rothebarth, Ana Vitoria de Paula"]
[Result "0-1"]
[WhiteElo "1592"]
[BlackElo "2042"]
[WhiteFideId "7001134"]
[BlackFideId "2113961"]
[EventDate "2014.08.18"]

1. d4 Nf6 2. Bf4 e6 3. e3 b6 4. Nf3 Bb7 5. Nbd2 Be7 6. h3 O-O 7. Bd3 c5 8. c3 d5
9. O-O Nbd7 10. Re1 Ne4 11. Qb1 f5 12. Rd1 Rc8 13. Ne5 Bh4 14. f3 Nxe5 15. Bxe5
Bf2+ 16. Kh1 Nxd2 17. Rxd2 Bxe3 18. Re2 cxd4 19. Bxd4 Bxd4 20. cxd4 Qf6 21. Re5
Rc7 22. Qe1 Kf7 23. Qb4 Rfc8 24. Rae1 Rc1 25. Kh2 Rxe1 26. Qxe1 g6 27. f4 Bc6
28. Qf2 Bd7 29. g4 Kg7 30. Re1 h6 31. Rg1 Rf8 32. gxf5 exf5 33. Qg2 Be6 34. Bc2
Bf7 35. Qf2 Re8 36. h4 Qe6 37. Bd1 Qe3 38. Qxe3 Rxe3 39. h5 Kf6 40. hxg6 Bxg6
41. Rg2 Rd3 42. Bb3 Rxd4 43. Kg3 Rd3+ 44. Kh4 Rf3 45. Bxd5 Rxf4+ 46. Kh3 Rf1 47.
Re2 Rd1 48. Bf3 Rd3 49. Kg2 Rxf3 0-1

[Event "World University Women"]
[Site "Katowice POL"]
[Date "2014.08.19"]
[Round "3.1"]
[White "Munguntuul, Batkhuyag"]
[Black "Fominykh, Maria"]
[Result "1/2-1/2"]
[WhiteTitle "IM"]
[BlackTitle "WIM"]
[WhiteElo "2410"]
[BlackElo "2296"]
[WhiteFideId "4900758"]
[BlackFideId "4142411"]
[EventDate "2014.08.18"]

1. e4 e6 2. d4 d5 3. Nc3 Nf6 4. e5 Nfd7 5. f4 c5 6. Nf3 Nc6 7. Be3 Be7 8. Qd2 b6
9. Be2 O-O 10. O-O Bb7 11. Nd1 cxd4 12. Nxd4 Nxd4 13. Bxd4 Nc5 14. Nf2 f5 15. b4
Ne4 16. Nxe4 dxe4 17. c3 Qc7 18. Qe3 Bd5 19. a4 Bc4 20. a5 Bxe2 21. Qxe2 Rfd8
22. axb6 axb6 23. Rxa8 Rxa8 24. Qb5 Rb8 25. Ra1 Kf7 26. Ra6 Bd8 27. h3 h6 28. g4
g6 29. Qa4 Rb7 30. Ra8 Qe7 31. Qc6 Ra7 32. Rxa7 Qxa7 33. Qd6 Qa1+ 34. Kg2 Qb2+
35. Kg3 Be7 36. Qxb6 Qe2 37. Be3 fxg4 38. hxg4 Qf3+ 39. Kh2 Qxg4 40. Qd4 Qh5+
41. Kg1 Qg4+ 42. Kh2 Qh5+ 43. Kg1 Qg4+ 44. Kh2 Qh5+ 1/2-1/2

[Event "World University Women"]
[Site "Katowice POL"]
[Date "2014.08.19"]
[Round "3.2"]
[White "Khlichkova, Tatiana"]
[Black "Kulon, Klaudia"]
[Result "0-1"]
[WhiteTitle "WFM"]
[BlackTitle "WIM"]
[WhiteElo "2232"]
[BlackElo "2301"]
[WhiteFideId "24145084"]
[BlackFideId "1131044"]
[EventDate "2014.08.18"]

1. d4 d5 2. Bg5 g6 3. e3 Bg7 4. c3 Nf6 5. Nd2 O-O 6. Bd3 Nbd7 7. f4 c5 8. Qe2 b6
9. Ngf3 Bb7 10. Ne5 Nxe5 11. fxe5 Nd7 12. Bf4 f6 13. e6 Nb8 14. h4 Bc8 15. h5 f5
16. hxg6 hxg6 17. Nf3 Bxe6 18. Ng5 Qd7 19. Qf2 Rf6 20. Be5 Kf8 21. Bxf6 exf6 22.
Nf3 Nc6 23. Nh4 Bf7 24. O-O-O Ne7 25. Kb1 c4 26. Bc2 b5 27. g4 fxg4 28. e4 dxe4
29. Bxe4 Re8 30. d5 f5 31. d6 Ng8 32. Bd5 Nf6 33. Bxf7 Kxf7 34. Qf4 Ne4 35. Rd5
Rh8 36. Re1 Bh6 37. Qf1 Re8 38. Red1 a6 39. Ng2 Re6 40. Qh1 Kg7 41. Qg1 Nf6 42.
R5d4 Bg5 43. Qh2 Nh5 44. Rd5 Re2 45. Qg1 Qe6 46. Qa7+ Kh6 47. Qa8 Qe4+ 48. Ka1
Bf6 49. Qxa6 Rxg2 50. Qxb5 Nf4 51. Rc5 Bxc3 52. Rxc4 Rxb2 53. Rxc3 Rxb5 54. d7
Ne6 0-1

[Event "World University Women"]
[Site "Katowice POL"]
[Date "2014.08.19"]
[Round "3.3"]
[White "Terao, Juliana Sayumi"]
[Black "Tomnikova, Lidia"]
[Result "1/2-1/2"]
[WhiteTitle "WIM"]
[BlackTitle "WIM"]
[WhiteElo "2222"]
[BlackElo "2216"]
[WhiteFideId "2109220"]
[BlackFideId "4113110"]
[EventDate "2014.08.18"]

1. e4 e5 2. Nf3 Nc6 3. Bb5 a6 4. Ba4 Nf6 5. d3 Bc5 6. O-O d6 7. Be3 Ba7 8. Bxa7
Rxa7 9. Bxc6+ bxc6 10. d4 exd4 11. Nxd4 Bd7 12. Nc3 O-O 13. Re1 Re8 14. Qf3 Ra8
15. h3 Qb8 16. b3 c5 17. Nf5 Bxf5 18. exf5 Qb4 19. Rxe8+ Rxe8 20. Rd1 c4 21. Rd4
d5 22. Nxd5 Qe1+ 23. Kh2 Qe5+ 24. Qf4 Nxd5 25. Qxe5 Rxe5 26. f4 Rxf5 27. g4 Rxf4
28. Rxd5 Kf8 29. Kg3 Rf1 30. Rc5 cxb3 31. axb3 Ra1 32. Rxc7 a5 33. Rc4 Ke7 34.
Kf2 Ke6 35. Ke2 Rh1 36. Re4+ Kd6 37. Re3 Ra1 38. Re4 Rh1 39. Re3 Ra1 40. Kd3 a4
41. bxa4 Rxa4 42. c3 Rf4 43. Re4 Rf3+ 44. Re3 Rf4 45. Re4 Rf3+ 46. Re3 Rf4 47.
Re4 1/2-1/2